Special education for the twenty-first century : integrating learning strategies and thinking skills (Record no. 77312)

MARC details
000 -CABECERA
campo de control de longitud fija 00739nam a2200229 a 4500
005 - FECHA Y HORA DE LA ÚLTIMA TRANSACCIÓN
campo de control 20210223124032.0
008 - ELEMENTOS DE LONGITUD FIJA--INFORMACIÓN GENERAL
campo de control de longitud fija 991125n 000 0 u
035 ## - NÚMERO DE CONTROL DEL SISTEMA
Número de control de sistema UPN01000100934
100 1# - ASIENTO PRINCIPAL--NOMBRE PERSONAL
Nombre de persona Scruggs, Thomas E.,
Fechas asociadas al nombre 1948-
9 (RLIN) 29988
222 ## - TÍTULO CLAVE
Título clave JOURNAL OF LEARNING DISABILITIES
245 ## - MENCIÓN DE TÍTULO
Título Special education for the twenty-first century : integrating learning strategies and thinking skills
300 ## - DESCRIPCIÓN FÍSICA
Extensión 392-398
362 0# - FECHAS DE PUBLICACIÓN Y/O DESIGNACIÓN SECUENCIAL
Fecha de publicación y/o designación secuencial 26, No. 6, 1993
653 0# - TERMINO DE INDIZACION - NO CONTROLADO
Término no controlado DESTREZAS DEL PENSAMIENTO
653 0# - TERMINO DE INDIZACION - NO CONTROLADO
Término no controlado ESTRATEGIAS DE APRENDIZAJE
653 0# - TERMINO DE INDIZACION - NO CONTROLADO
Término no controlado MODELOS DE ENSEÑANZA
653 0# - TERMINO DE INDIZACION - NO CONTROLADO
Término no controlado PROBLEMAS DE APRENDIZAJE
653 0# - TERMINO DE INDIZACION - NO CONTROLADO
Término no controlado PROCESOS COGNITIVOS
700 1# - ASIENTO SECUNDARIO--NOMBRE DE PERSONAL
Nombre de persona Mastropieri, Margo A.,
Término indicativo de función/relación coaut.
904 ## - ELEMENTOS DE DATOS D LOCAL, LDD (RLIN)
a AC
b 038745
905 ## - TIPO DE MATERIAL
Tipo de material Articulo

No items available.